| 000 | 00453cam a2200169ua 4500 | ||
|---|---|---|---|
| 020 |
_a0-85226-585-9 _c300.00 |
||
| 041 |
_aeng _h |
||
| 082 |
_a660.2842 _bARU/AD |
||
| 100 | _aArun S, Mujumdar . | ||
| 245 |
_aAdvances in transport processes, Vol 2 / _cArun S Mujumdar. _hTextual Documents |
||
| 260 |
_aNew Delhi : _bWiley Eastern Ltd , _c1982. |
||
| 300 | _a432 ; . | ||
| 365 | _a300.00 | ||
| 504 | _a | ||
| 942 | _cBK | ||
| 999 |
_c7157 _d7157 |
||